Formula 1 Winners in Order - Statistics

General Stats
  • This quiz has been taken 13 times
  • The average score is 69 of 76
Answer Stats
Year World Driver Champion % Correct
1993 Alain Prost
100%
1991 Ayrton Senna
100%
1996 Damon Hill
100%
2005 Fernando Alonso
100%
2006 Fernando Alonso
100%
1997 Jacques Villeneuve
100%
2009 Jenson Button
100%
1951 Juan Manuel Fangio
100%
1954 Juan Manuel Fangio
100%
1955 Juan Manuel Fangio
100%
1956 Juan Manuel Fangio
100%
1957 Juan Manuel Fangio
100%
2007 Kimi Räikkönen
100%
2025 Lando Norris
100%
2008 Lewis Hamilton
100%
2014 Lewis Hamilton
100%
2015 Lewis Hamilton
100%
2017 Lewis Hamilton
100%
2018 Lewis Hamilton
100%
2019 Lewis Hamilton
100%
2020 Lewis Hamilton
100%
2021 Max Verstappen
100%
2022 Max Verstappen
100%
2023 Max Verstappen
100%
2024 Max Verstappen
100%
1994 Michael Schumacher
100%
1995 Michael Schumacher
100%
2000 Michael Schumacher
100%
2001 Michael Schumacher
100%
2002 Michael Schumacher
100%
2003 Michael Schumacher
100%
2004 Michael Schumacher
100%
1998 Mika Häkkinen
100%
1999 Mika Häkkinen
100%
2016 Nico Rosberg
100%
1992 Nigel Mansell
100%
2010 Sebastian Vettel
100%
2011 Sebastian Vettel
100%
2012 Sebastian Vettel
100%
2013 Sebastian Vettel
100%
1989 Alain Prost
90%
1952 Alberto Ascari
90%
1953 Alberto Ascari
90%
1988 Ayrton Senna
90%
1990 Ayrton Senna
90%
1950 Giuseppe Farina
90%
1976 James Hunt
90%
1979 Jody Scheckter
90%
1981 Nelson Piquet
90%
1987 Nelson Piquet
90%
1985 Alain Prost
80%
1986 Alain Prost
80%
1980 Alan Jones
80%
1972 Emerson Fittipaldi
80%
1974 Emerson Fittipaldi
80%
1969 Jackie Stewart
80%
1971 Jackie Stewart
80%
1973 Jackie Stewart
80%
1963 Jim Clark
80%
1965 Jim Clark
80%
1982 Keke Rosberg
80%
1978 Mario Andretti
80%
1958 Mike Hawthorn
80%
1983 Nelson Piquet
80%
1975 Niki Lauda
80%
1977 Niki Lauda
80%
1984 Niki Lauda
80%
1967 Denny Hulme
70%
1962 Graham Hill
70%
1968 Graham Hill
70%
1959 Jack Brabham
70%
1960 Jack Brabham
70%
1970 Jochen Rindt
70%
1964 John Surtees
70%
1961 Phil Hill
70%
1966 Jack Brabham
60%
No matching quizzes found
Score Distribution
Percent of People with Each Score
Percentile by Number Answered
Your Score History
You have not taken this quiz